| 000 | 00000nas##2200000za#4500 |
| 001 | 9.511969 |
| 003 | CaOODSP |
| 005 | 20200501122820 |
| 007 | ta |
| 008 | 150406c2006||||xxc|| p #||||f| |0fre|d |
| 022 | |a1917-9804 |
| 040 | |aCaOODSP|bfre |
| 041 | |aeng |
| 041 | |afre |
| 043 | |an-cn--- |
| 086 | 1 |aCC402-1 |
| 110 | 2 |aAdministration canadienne de la sûreté du transport aérien. |
| 245 | 10|aAdministration canadienne de la sûreté du transport aérien, résumé du plan d'entreprise ... et des budgets d'investissement et de fonctionnement |
| 260 | |aOttawa - Ontario : |bAdministration canadienne de la sûreté du transport aérien |
| 310 | |aAnnuel |
| 362 | 1 |a2005/06-2009/10-- |
| 500 | |aFait suite à: Plan d'entreprise sommaire de ... et budget d'investissement de ... et budget de fonctionnement de ... (ISSN 1917-9790, 2003/04-2007/08 -- 2004/05/-2008/09). |
| 776 | 0#|tRésumé du plan d'entreprise ... et des budgets d'investissement et de fonctionnement |w(CaOODSP)9.502371 |
| 791 | |tCanadian Air Transport Security Authority, summary of the ... corporate plan, capital and operating budgets |eeng|w(CaOODSP)9.511968 |